000 00950nam a22002177a 4500
005 20240530110339.0
008 141028s2010 le d gr 001 0 ara d
020 _a9789953823539
040 _aEG-CaGPL
082 0 4 _221
_a320.5315\
_bأ إ
100 0 _aالعربى صديقى
245 1 0 _aاعادة التفكير فى الدمقرطة العربية :
_bانتخابات بدون ديمقراطية /
_cالعربى صديقى ؛ ترجمة محمد الشيا
260 _aبيروت :
_bمركز دراسات الوحدة العربية ،
_c2010
300 _a432 ص ؛
_c24 سم
650 0 4 _aالانتخابات
_zالعالم العربى
650 0 4 _aالديمقراطية
_zالعالم العربى
650 0 4 _aالانتخابات الديمقراطية
_zالعالم العربى
700 0 _aمحمد شيا
_eمترجم
942 _2ddc
_cBK
999 _c59844
_d59844